| 000 | 00417 a2200133 4500 | ||
|---|---|---|---|
| 001 | ART_6643 | ||
| 005 | 20260410161826.0 | ||
| 008 | 260409a | ||
| 245 | 1 | 0 | _aValoración económica del humedal de Bahía Samborombón |
| 100 | 1 | _aBertolotti, María Isabel | |
| 700 | 1 | _aBertoni, Marcela | |
| 700 | 1 | _aVolpato, Guillermo Gustavo | |
| 773 | 0 |
_tFACES _g- Año 11, Nº 23 (may./ago. 2005) _wREV5046 |
|
| 999 |
_c22794 _d22794 |
||